000 00708nam a22002297a 4500
003 dpl
005 20180724172822.0
008 081020t xxu||||| |||| 00| 0 eng d
010 _aENG-84052
020 _a8131300528
020 _c1295.00(set of 2v.) (hb)
035 _aEN-67585, B-216356, B-216361, B-216358, B-216353
040 _c0
082 _a370.71
100 _aBansal, Harish
245 _aEncyclopedia of teacher education:
_bteacher training concepts /
_cby Harish Bansal
260 _aNew Delhi
_bA P H Publishing
260 _c2007
300 _av.II (ix,285p)
_c22cm
500 _aIncludes bibliographical references and index
942 _2ddc
_cEN
_h370.71
_m BAN
999 _c17019
_d17019